000 01687nam a2200517 i 4500
001 35848
003 KOSZ 005
005 20210412125536.0
008 981023s1987 pl a f f |001 0 pol
015 _aUWD 1987/4843
020 _a8301042761
035 _a991007217189705066
035 _a(PL-WaBN)b11874624-48omnis_nlop
035 _ab11874624
035 _a(OCoLC)69461131
035 _azz2005835856
035 _a(PL)b0000001187462
035 _a(EXLNZ-48OMNIS_NETWORK)9910183014605606
040 _aWA N
_cWA N
_dKOSZ 005/HR
041 1 _apol
_hswe
_heng
046 _k1969
080 _a519.6
080 _a(07)
100 1 _aBjörck, Åke
_d(1934- )
_eAutor
245 1 0 _aMetody numeryczne /
_cÅke Björck, Germund Dahlquist ; przeł. [z ang.] Stefan Paszkowski.
246 1 _iTyt. oryg.:
_aNumeryska metoder,
_f1969
246 1 _iTyt. tł.:
_aNumerical methods,
_f1974
250 _aWyd. 2.
260 _aWarszawa :
_bPańst. Wydaw. Naukowe,
_c1987
_e(Łódź :
_fZGWN).
300 _a546, [1] s. :
_bwykr. ;
_c24 cm.
336 _aTekst
_btxt
_2rdacontent
337 _aBez urządzenia pośredniczącego
_bn
_2rdamedia
338 _aWolumin
_bnc
_2rdacarrier
380 _aKsiążki
388 _a1901-2000
388 _a1945-1989
504 _aBibliogr. s. 521-530. - Indeks.
650 7 _aAnaliza numeryczna
_2DBN
655 7 _aPodręcznik
_2DBN
658 _aMatematyka
700 1 _aDahlquist, Germund
_eAutor
700 1 _aPaszkowski, Stefan
_eTłumaczenie
856 _uhttp://koha.tu.koszalin.pl/cgi-bin/koha/opac-detail.pl?biblionumber=35848
_yKatalog online BPK
942 _2UKD
_cKS
999 _c35848
_d35848